Basic physics of stellar atmospheres /

Bibliographic Details
Main Author: Swihart, Thomas L., 1929-
Format: Book
Language:English
Published: Tucson : Pachart Pub. House, [1971]
Series:Astronomy and astrophysics series.
Intermediate short texts in astrophysics.
Subjects:

MARC

Tag First Indicator Second Indicator Subfields
LEADER 00000cam a2200000 4500
001 in00000330213
005 20151011050805.0
008 720117s1971 azu b 00010 eng
010 |a  72180256  
035 |a (OCoLC)00235479 
035 |9 ABK4090AM 
037 |c $7.95 
040 |a DLC  |c DLC  |d TXA  |d UtOrBLW 
049 |a TXAM  |c [1125480] 
050 0 0 |a QB809  |b .S993 
082 0 |a 523.8/2 
100 1 |a Swihart, Thomas L.,  |d 1929- 
245 1 0 |a Basic physics of stellar atmospheres /  |c [by] Thomas L. Swihart. 
264 1 |a Tucson :  |b Pachart Pub. House,  |c [1971] 
300 |a viii, 86 pages ;  |c 23 cm. 
336 |a text  |b txt  |2 rdacontent 
337 |a unmediated  |b n  |2 rdamedia 
338 |a volume  |b nc  |2 rdacarrier 
490 1 |a Astronomy and astrophysics series 
490 1 |a Intermediate short texts in astrophysics 
504 |a Bibliography: pages [ix] 
650 0 |a Stars  |x Atmospheres. 
650 0 |a Astrophysics. 
830 0 |a Astronomy and astrophysics series. 
830 0 |a Intermediate short texts in astrophysics. 
999 |a MARS 
999 f f |s 1c1e3aac-f8e4-3df0-87f6-23fd3aafd460  |i ffc4c045-7868-3bdc-a6e6-70d4d76b6480  |t 0 
952 f f |p ric  |a Texas A&M University  |b Rellis Campus  |c Joint Library Facility  |s JLF  |d Remote Storage  |t 0  |e QB809 .S993  |h Library of Congress classification  |i unmediated -- volume  |m A14804583510 
998 f f |a QB809 .S993  |t 0  |l Remote Storage